Minoiká: Introducción a la epigrafía cretense
Uloženo v:
| Hlavní autor: | |
|---|---|
| Médium: | Kniha |
| Jazyk: | španělština |
| Vydáno: |
Madrid
Instituto Antonio de Nebrija
1952
|
| Vydání: | 1a. ed |
| Edice: | Consejo Superior de Investigaciones científicas: Manuales y anejos de Emérita, VIII
|
| Témata: | |
| Tagy: |
Přidat tag
Žádné tagy, Buďte první, kdo vytvoří štítek k tomuto záznamu!
|
MARC
| LEADER | 00000nam a2200000 a 4500 | ||
|---|---|---|---|
| 001 | UCJ4128 | ||
| 003 | CL-VaPUC | ||
| 008 | 070124e19520000SP |||||||||||||||||spa|d | ||
| 082 | 0 | 4 | |a 490 |b GAY |2 21 |
| 100 | 0 | |a Gaya Nuño, Benito |e author |9 507129 | |
| 245 | 1 | 0 | |a Minoiká: Introducción a la epigrafía cretense |
| 250 | |a 1a. ed | ||
| 300 | |a xxii, 269 p | ||
| 942 | |c BK | ||
| 945 | |d 20070124 00:00:00 |a rinostro | ||
| 260 | |a Madrid |b Instituto Antonio de Nebrija |c 1952 | ||
| 500 | |a Gráficos y tablas.- Advierte errata.- Ubicación provisoria: Estantería Budge, área lenguas | ||
| 650 | 0 | |a Paleografía |9 264942 | |
| 650 | 7 | |a PICTOGRAFIA |2 CL-VaPUC |9 502877 | |
| 650 | 7 | |a JEROGLIFICOS |2 CL-VaPUC |9 265779 | |
| 650 | 7 | |a CIVILIZACION CRETENSE |2 CL-VaPUC |9 438966 | |
| 650 | 7 | |a LENGUA CRETENSE |2 CL-VaPUC |9 507130 | |
| 650 | 0 | |a Sistemas numéricos |9 421917 | |
| 650 | 0 | |a Bibliografías |9 257071 | |
| 651 | 7 | |a CRETA |2 CL-VaPUC |9 266769 | |
| 490 | 0 | |a Consejo Superior de Investigaciones científicas: Manuales y anejos de Emérita, VIII | |
| 999 | |c 320245 |d 320243 | ||
| 583 | |k Rodrigo Vera | ||
| 952 | |0 0 |1 0 |4 0 |6 490_000000000000000_GAY_1952 |7 0 |8 X |9 398728 |a FDOBUD |b FDOBUD |d 2019-11-22 |i 1014188 |o 490 GAY 1952 |p 1014188 |r 2019-11-22 |w 2019-11-22 |y BK_X |k BUD | ||